| 000 | 01460nam a22002537a 4500 | ||
|---|---|---|---|
| 003 | SISC | ||
| 005 | 20180503104059.0 | ||
| 008 | 180503b xxu||||| |||| 00| 0 eng d | ||
| 020 | _a9788936462192 | ||
| 020 | _a9788936462994 | ||
| 050 |
_aPL 992.2 _b.C65 2005 |
||
| 100 | _aChoi, Won Sik | ||
| 245 |
_aWing, Love guest and mother, Chang, Jae-ssi, Maekwon = 날개/사랑손님과 어머니/장삼이사/마권 외 / _c Choi Won Sik ... [et al.] |
||
| 260 |
_aPaju, South Korea: _bChangbi Publishers, _c2005. |
||
| 300 |
_a335 pages: _bcolor illustrations; _c22 cm. |
||
| 440 |
_a20th century Korean novel _vno. 9 |
||
| 500 | _aPublisher's Review: In the <20th Century Korean Novel> Volume 9, the most representative modernist, Choi Myung-ik, and major works by Kwang Sup, Hyun Kyung Jun and Yu Yehrim. It is said that Choi Myung-ik's "rainy road", which delicately depicts the conflicts of the characters who can not compromise with reality, and "wing", " Through the "Omari" of Hyun Kyung-Jun, who shows the vision of breakthrough through the bond of love and mother, "Anemone's Madam" and the rough seafarers, who achieved excellent aesthetic accomplishment with a unique viewpoint, You can look at various branches at a glance. | ||
| 650 |
_2Library of Congress Subject Headings _aKorean short story |
||
| 700 | _aChoi, Won Sik | ||
| 700 | _aChoi, Myung-ik | ||
| 700 | _aHyun, Kyung Jun | ||
| 942 |
_2lcc _cBK |
||
| 999 |
_c356397 _d356397 |
||